<?xml version="1.0" encoding="UTF-8"?>
<record
    xmlns:xsi="http://www.w3.org/2001/XMLSchema-instance"
    xsi:schemaLocation="http://www.loc.gov/MARC21/slim http://www.loc.gov/standards/marcxml/schema/MARC21slim.xsd"
    xmlns="http://www.loc.gov/MARC21/slim">

  <leader>00734nam a22002297a 4500</leader>
  <controlfield tag="003">NUST-PNEC</controlfield>
  <controlfield tag="005">20170116181150.0</controlfield>
  <controlfield tag="008">140508b        xxu||||| |||| 00| 0 eng d</controlfield>
  <datafield tag="020" ind1=" " ind2=" ">
    <subfield code="a">9789339204792</subfield>
  </datafield>
  <datafield tag="020" ind1=" " ind2=" ">
    <subfield code="a">9339204794</subfield>
  </datafield>
  <datafield tag="020" ind1=" " ind2=" ">
    <subfield code="a">9780072957167</subfield>
  </datafield>
  <datafield tag="040" ind1=" " ind2=" ">
    <subfield code="c">LIBRARY</subfield>
  </datafield>
  <datafield tag="082" ind1=" " ind2=" ">
    <subfield code="a">621.382 PRO</subfield>
  </datafield>
  <datafield tag="100" ind1=" " ind2=" ">
    <subfield code="9">4</subfield>
    <subfield code="a">Proakis John G</subfield>
  </datafield>
  <datafield tag="245" ind1=" " ind2=" ">
    <subfield code="a">Digital Communications</subfield>
    <subfield code="c">John G. Proakis</subfield>
  </datafield>
  <datafield tag="250" ind1=" " ind2=" ">
    <subfield code="a">5th ed.</subfield>
  </datafield>
  <datafield tag="260" ind1=" " ind2=" ">
    <subfield code="c">c.2008</subfield>
    <subfield code="a">New Delhi</subfield>
    <subfield code="b">McGraw Hill (india)</subfield>
  </datafield>
  <datafield tag="300" ind1=" " ind2=" ">
    <subfield code="a">1150 pages</subfield>
  </datafield>
  <datafield tag="650" ind1=" " ind2=" ">
    <subfield code="x">MIS, MS COMM</subfield>
    <subfield code="9">16329</subfield>
    <subfield code="a">Digital communications</subfield>
  </datafield>
  <datafield tag="856" ind1=" " ind2=" ">
    <subfield code="u">http://www.amazon.com/Proakis-Salehi-5e-Digital-Communication/dp/9339204794/ref=sr_1_1?ie=UTF8&amp;qid=1455002170&amp;sr=8-1&amp;keywords=9789339204792</subfield>
  </datafield>
  <datafield tag="942" ind1=" " ind2=" ">
    <subfield code="2">ddc</subfield>
    <subfield code="c">BK</subfield>
  </datafield>
  <datafield tag="999" ind1=" " ind2=" ">
    <subfield code="c">70897</subfield>
    <subfield code="d">70897</subfield>
  </datafield>
  <datafield tag="952" ind1=" " ind2=" ">
    <subfield code="0">0</subfield>
    <subfield code="1">0</subfield>
    <subfield code="2">ddc</subfield>
    <subfield code="4">0</subfield>
    <subfield code="7">0</subfield>
    <subfield code="a">PNEC</subfield>
    <subfield code="b">PNEC</subfield>
    <subfield code="c">WING-B</subfield>
    <subfield code="d">0000-00-00</subfield>
    <subfield code="l">0</subfield>
    <subfield code="o">621.382 PRO</subfield>
    <subfield code="p">PNECLIB-032138</subfield>
    <subfield code="r">2015-11-09</subfield>
    <subfield code="w">0000-00-00</subfield>
    <subfield code="y">BK</subfield>
  </datafield>
  <datafield tag="952" ind1=" " ind2=" ">
    <subfield code="0">0</subfield>
    <subfield code="1">0</subfield>
    <subfield code="2">ddc</subfield>
    <subfield code="3">paperback</subfield>
    <subfield code="4">0</subfield>
    <subfield code="7">0</subfield>
    <subfield code="a">PNEC</subfield>
    <subfield code="b">PNEC</subfield>
    <subfield code="c">WING-B</subfield>
    <subfield code="d">2015-12-07</subfield>
    <subfield code="e">ZS Book Agency / Lib Grant</subfield>
    <subfield code="g">1483.25</subfield>
    <subfield code="l">0</subfield>
    <subfield code="o">621.382 PRO</subfield>
    <subfield code="p">PNECLIB-032482</subfield>
    <subfield code="r">2016-02-09</subfield>
    <subfield code="v">1483.25</subfield>
    <subfield code="w">2015-12-07</subfield>
    <subfield code="y">BK</subfield>
  </datafield>
  <datafield tag="952" ind1=" " ind2=" ">
    <subfield code="0">0</subfield>
    <subfield code="1">0</subfield>
    <subfield code="2">ddc</subfield>
    <subfield code="3">paperback</subfield>
    <subfield code="4">0</subfield>
    <subfield code="7">0</subfield>
    <subfield code="a">PNEC</subfield>
    <subfield code="b">PNEC</subfield>
    <subfield code="c">WING-B</subfield>
    <subfield code="d">2015-12-07</subfield>
    <subfield code="e">ZS Book Agency / Lib Grant</subfield>
    <subfield code="g">1483.25</subfield>
    <subfield code="l">0</subfield>
    <subfield code="o">621.382 PRO</subfield>
    <subfield code="p">PNECLIB-032481</subfield>
    <subfield code="r">2016-02-09</subfield>
    <subfield code="v">1483.25</subfield>
    <subfield code="w">2015-12-07</subfield>
    <subfield code="y">BK</subfield>
  </datafield>
  <datafield tag="952" ind1=" " ind2=" ">
    <subfield code="0">0</subfield>
    <subfield code="1">0</subfield>
    <subfield code="2">ddc</subfield>
    <subfield code="3">paperback</subfield>
    <subfield code="4">0</subfield>
    <subfield code="7">0</subfield>
    <subfield code="a">PNEC</subfield>
    <subfield code="b">PNEC</subfield>
    <subfield code="c">WING-B</subfield>
    <subfield code="d">2015-12-07</subfield>
    <subfield code="e">ZS Book Agency / Lib Grant</subfield>
    <subfield code="g">1483.25</subfield>
    <subfield code="l">0</subfield>
    <subfield code="o">621.382 PRO</subfield>
    <subfield code="p">PNECLIB-032480</subfield>
    <subfield code="r">2016-02-09</subfield>
    <subfield code="v">1483.25</subfield>
    <subfield code="w">2015-12-07</subfield>
    <subfield code="y">BK</subfield>
  </datafield>
</record>
